| 000 | 01879cam a22004694i 4500 | ||
|---|---|---|---|
| 003 | PE-LiUPU | ||
| 005 | 20250804164922.0 | ||
| 008 | 150623s1987 miu rb 000 0 eng d | ||
| 035 | _a(Sirsi) a22540 | ||
| 040 |
_aPE-LiUPU _bspa _cPE-LiUPU _erda |
||
| 082 | 0 | 4 |
_a220.6 _bC212c _221 |
| 100 | 1 |
_aCanale, Fernando Luis, _eautor. |
|
| 245 | 1 | 2 |
_aA criticism of theological reason: time and timelessness as primordial presuppositions / _cFernando Luis Canale. |
| 264 | 1 |
_aBerrien Springs, Michigan : _bAndrews University Press, _c1987. |
|
| 300 |
_a468 páginas ; _c23 centímetros. |
||
| 336 |
_atext _2rdacontent |
||
| 337 |
_aunmediated _2rdamedia |
||
| 338 |
_avolume _2rdacarrier |
||
| 490 | 0 |
_aAndrews University Seminary Doctoral Dissertation Series ; _v10 |
|
| 504 | _aIncluye bibliografía. | ||
| 505 | 0 | _aThe onto-theo-logical structure of reason -- The onto-theo-logical structure of reason in theology -- The theo-onto-logical structure of reason in sacred scripture. | |
| 526 | _aSEG42 | ||
| 526 | _aSEG41 | ||
| 526 | _aSEG40 | ||
| 526 | _aSEG39 | ||
| 526 | _aP94 | ||
| 526 | _aP87 | ||
| 526 | _aP86 | ||
| 526 | _aP85 | ||
| 526 | _aP77 | ||
| 526 | _aP76 | ||
| 526 | _aP35 | ||
| 650 | 1 | 4 | _aRazón (Teología). |
| 942 |
_2ddc _cBK |
||
| 949 |
_a220.6 A 10 _wDEWEY _c1 _i50876 _lCCODEBUL1 _mBUL _p17.00 _r0 _sY _tBOOK _u2015-06-24 _xTEOLOGIA _0COMPRA _o.STAFF. Colección Teología |
||
| 949 |
_a220.6 A 10 _wDEWEY _c2 _i46358 _lCCODEBUL1 _mBUL _p17.00 _r0 _sY _tBOOK _u2015-06-24 _xBIBLIOTECA _zUNKNOWN _0COMPRA _o.STAFF. Colección Teología |
||
| 949 |
_a220.6 A 10 _wDEWEY _c3 _i54220 _lCCODEBUL1 _mBUL _p17.00 _r0 _sY _tBOOK _u2015-06-24 _xBIBLIOTECA _zUNKNOWN _0COMPRA _o.STAFF. Colección Teología |
||
| 980 |
_818226 _gJaime Vilcazán Jefe de Análisis Documental |
||
| 999 |
_c23123 | 2 | 3 _d23123 |
||